Cuida't les dents : petit manual dels supersomriures / petit manual dels supersomriures /
Publicado:
Barcelona :
Diputació de Barcelona, Àrea d'Atenció a les Persones, Servei de Salut Pública ,
2014
Descripción Física:
10 pàgines : il·lustracions ; 30 cm
Otros Autores:
Sales, Jordi (Sales i Roqueta)
Materias:
Dents -- Cura i higiene -- Educació primària
; Boca -- Cura i higiene -- Educació primària
Idioma:
Catalán
MARC
| LEADER | 00000nam a22000007a 4500 | ||
|---|---|---|---|
| 001 | 25443 | ||
| 003 | Arxiu | ||
| 005 | 20260324181108.0 | ||
| 008 | 220512b spa||||| |||| 00| 0 cat d | ||
| 017 | |a DL B 21970-2014 | ||
| 080 | |a FU-68-67 | ||
| 245 | |a Cuida't les dents : |b petit manual dels supersomriures / |c il·lustracions: Jordi Sales | ||
| 260 | |a Barcelona : |b Diputació de Barcelona, Àrea d'Atenció a les Persones, Servei de Salut Pública, |c 2014 | ||
| 300 | |a 10 pàgines : |b il·lustracions ; |c 30 cm | ||
| 650 | 0 | |9 49586 |a Dents |x Cura i higiene |x Educació primària | |
| 650 | 0 | |9 49585 |a Boca |x Cura i higiene |x Educació primària | |
| 700 | |9 50286 |a Sales, Jordi |e il·lustrador |q (Sales i Roqueta) | ||
| 710 | |a Barcelona (Catalunya : Província). |b Servei de Salut Pública |9 52202 | ||
| 942 | |2 udc |n 1 |c ARXIU | ||
| 952 | |0 0 |1 0 |4 0 |6 FU6867 |7 1 |9 61650 |a Arxiu |b Arxiu |d 2022-05-12 |l 0 |o FU-68-67 |p 25443 |r 2022-05-12 00:00:00 |w 2022-05-12 |y ARXIU | ||
| 999 | |c 81548 |d 81548 | ||